| 000 | 00000nam 2200000zi 4500 |
| 001 | 9.921988 |
| 003 | CaOODSP |
| 005 | 20241205074747 |
| 006 | m o d f |
| 007 | cr bn||||||||| |
| 008 | 230426e198207##onca ob f000 0 eng d |
| 020 | |a0662120981 |q(print) |
| 040 | |aCaOODSP|beng|erda|cCaOODSP |
| 041 | 0 |aeng|beng|bfre |
| 043 | |an-cn--- |
| 045 | |ax7x7 |
| 086 | 1 |aEn42-1/3-82-4E-PDF|zEn42-3/82-4E |
| 245 | 00|aAir pollution emissions and control technology : |bprimary copper industry / |cby Mineral and Metal Processes Division, Engineering Assessment Branch, Air Pollution Control Directorate. |
| 264 | 1|aOttawa, Ontario, Canada : |bEnvironment Canada, Environmental Protection Service = Environnement Canada, Service de la protection de l'environnement, |cJuly 1982. |
| 264 | 4|c©1982 |
| 300 | |a1 online resource (viii, 87 pages) : |billustrations. |
| 336 | |atext|btxt|2rdacontent |
| 337 | |acomputer|bc|2rdamedia |
| 338 | |aonline resource|bcr|2rdacarrier |
| 490 | 1 |aEnvironmental Protection Service report series |
| 500 | |aIssued also in French under title: Emissions de polluants dans l'atmosphere et methodes de depollution : metallurgie de premiere fusion du cuivre. |
| 500 | |a"EPS 3-AP-82-4." |
| 500 | |a"Economic and technical review, report EPS 3-AP-82-4"--Cover. |
| 500 | |aDigitized edition from print [produced by Environment and Climate Change Canada]. |
| 504 | |aIncludes bibliographical references (pages 82-87). |
| 546 | |aIncludes abstracts in English and French. |
| 650 | 0|aCopper smelting|xWaste disposal|xEnvironmental aspects|zCanada. |
| 650 | 0|aAir|xPollution|zCanada. |
| 650 | 0|aPollution control equipment|zCanada. |
| 710 | 1 |aCanada. |bEnvironmental Protection Service, |eissuing body. |
| 710 | 1 |aCanada. |bAir Pollution Control Directorate. |bMineral and Metal Processes Division, |eissuing body. |
| 775 | 08|tÉmissions de polluants dans l'atmosphère et méthodes de dépollution : |w(CaOODSP)9.945896 |
| 830 | #0|aEnvironmental Protection Service report series.|w(CaOODSP)9.866031 |
| 856 | 40|qPDF|s2.77 MB|uhttps://publications.gc.ca/collections/collection_2023/eccc/en42/En42-1-3-82-4-eng.pdf |